| 000 | 00557nam a2200121Ia 4500 | ||
|---|---|---|---|
| 008 | 220615s9999||||xx |||||||||||||| ||und|| | ||
| 245 | 0 |
_aWater-filtered Infrared A (wIRA) Irradiation _bFrom Research to Clinical Settings |
|
| 546 | _aEnglish[eng] | ||
| 650 | _aHyperthermia therapies in practise and experiment||Hyperthermia in Oncology||Hyperthermia in Physiotherapy||Whole body hyperthermia||Hyperthermia in Wound-Healing | ||
| 700 | _aVaupel, Peter | ||
| 856 | _uhttps://library.oapen.org/bitstream/20.500.12657/54423/1/978-3-030-92880-3.pdf | ||
| 942 | _cEB | ||
| 999 |
_c12182 _d12182 |
||